<?xml version="1.0" encoding="UTF-8"?><?xml-stylesheet type="text/xsl" href="static/style.xsl"?><OAI-PMH xmlns="http://www.openarchives.org/OAI/2.0/" xmlns:xsi="http://www.w3.org/2001/XMLSchema-instance" xsi:schemaLocation="http://www.openarchives.org/OAI/2.0/ http://www.openarchives.org/OAI/2.0/OAI-PMH.xsd"><responseDate>2026-04-17T08:07:05Z</responseDate><request verb="GetRecord" identifier="oai:www.recercat.cat:10459.1/59055" metadataPrefix="marc">https://recercat.cat/oai/request</request><GetRecord><record><header><identifier>oai:recercat.cat:10459.1/59055</identifier><datestamp>2024-12-05T21:55:04Z</datestamp><setSpec>com_2072_3622</setSpec><setSpec>col_2072_479130</setSpec></header><metadata><record xmlns="http://www.loc.gov/MARC21/slim" xmlns:dcterms="http://purl.org/dc/terms/" xmlns:xsi="http://www.w3.org/2001/XMLSchema-instance" xmlns:doc="http://www.lyncode.com/xoai" xsi:schemaLocation="http://www.loc.gov/MARC21/slim http://www.loc.gov/standards/marcxml/schema/MARC21slim.xsd">
   <leader>00925njm 22002777a 4500</leader>
   <datafield ind2=" " ind1=" " tag="042">
      <subfield code="a">dc</subfield>
   </datafield>
   <datafield ind2=" " ind1=" " tag="720">
      <subfield code="a">Dávila, José Carlos</subfield>
      <subfield code="e">author</subfield>
   </datafield>
   <datafield ind2=" " ind1=" " tag="720">
      <subfield code="a">Real, M. Ángeles</subfield>
      <subfield code="e">author</subfield>
   </datafield>
   <datafield ind2=" " ind1=" " tag="720">
      <subfield code="a">Olmos, Luis</subfield>
      <subfield code="e">author</subfield>
   </datafield>
   <datafield ind2=" " ind1=" " tag="720">
      <subfield code="a">Legaz, Isabel</subfield>
      <subfield code="e">author</subfield>
   </datafield>
   <datafield ind2=" " ind1=" " tag="720">
      <subfield code="a">Medina Hernández, Loreta Mª</subfield>
      <subfield code="e">author</subfield>
   </datafield>
   <datafield ind2=" " ind1=" " tag="720">
      <subfield code="a">Guirado, Salvador</subfield>
      <subfield code="e">author</subfield>
   </datafield>
   <datafield ind2=" " ind1=" " tag="260">
      <subfield code="c">2017-01-20T10:15:10Z</subfield>
   </datafield>
   <datafield ind2=" " ind1=" " tag="260">
      <subfield code="c">2025-01-01</subfield>
   </datafield>
   <datafield ind2=" " ind1=" " tag="260">
      <subfield code="c">2005</subfield>
   </datafield>
   <datafield ind2=" " ind1=" " tag="520">
      <subfield code="a">We analyzed the development of immunoreactive expression patterns for the neurotransmitter&#xd;
 -aminobutyric acid (GABA) and the calcium-binding proteins calbindin, calretinin, and parvalbumin&#xd;
in the embryonic and postnatal mouse claustral complex. Each calcium-binding protein shows a&#xd;
different temporal and spatial pattern of development. Calbindin-positive cells start to be seen very&#xd;
early during embryogenesis and increase dramatically until birth, thus becoming the most abundant&#xd;
cell type during embryonic development, especially in the ventral pallial part of the claustrum. The&#xd;
distribution of calbindin neurons throughout the claustrum during embryonic development partly&#xd;
parallels that of GABA neurons, suggesting that at least part of the calbindin neurons of the claustral&#xd;
complex are GABAergic and originate in the subpallium. Parvalbumin cells, on the other hand, start&#xd;
to be seen only postnatally, and their number then increases while the density of calbindin neurons&#xd;
decreases. Based on calretinin expression in axons, the core/shell compartments of the dorsal claustrum&#xd;
start to be clearly seen at embryonic day 18.5 and may be related to the development of the&#xd;
thalamoclaustral input. Comparison with the expression of Cadherin 8, a marker of the developing&#xd;
dorsolateral claustrum, indicates that the core includes a central part of the dorsolateral claustrum,&#xd;
whereas the shell includes a peripheral area of the dorsolateral claustrum, plus the adjacent ventromedial&#xd;
claustrum. The present data on the spatiotemporal developmental patterns of several subtypes&#xd;
of GABAergic neurons in the claustral complex may help for future studies on temporal lobe&#xd;
epilepsies, which have been related to an alteration of the GABAergic activity.</subfield>
   </datafield>
   <datafield ind2=" " ind1=" " tag="520">
      <subfield code="a">Grant sponsor: Spanish Direccio´n General de Investigacio´n-Fondo Europeo de Desarrollo Regional (FEDER); Grant number: BFI2003-06453-C02-01/02; Grant sponsor: Fondo de Investigaciones Sanitarias-FEDER; Grant number: 01/0057-02; Grant sponsor: Se´neca; Grant number: PB/50/FS/02; Grant sponsor: Red Centro de Investigacio´n de Enfermedades Neurolo´gicas-Nodo 318.</subfield>
   </datafield>
   <datafield ind1="8" ind2=" " tag="024">
      <subfield code="a">http://hdl.handle.net/10459.1/59055</subfield>
   </datafield>
   <datafield tag="653" ind2=" " ind1=" ">
      <subfield code="a">Calcium-binding proteins</subfield>
   </datafield>
   <datafield tag="653" ind2=" " ind1=" ">
      <subfield code="a">Dorsal claustrum</subfield>
   </datafield>
   <datafield tag="653" ind2=" " ind1=" ">
      <subfield code="a">Endopiriform nucleus</subfield>
   </datafield>
   <datafield tag="653" ind2=" " ind1=" ">
      <subfield code="a">Immunohistochemistry</subfield>
   </datafield>
   <datafield ind2="0" ind1="0" tag="245">
      <subfield code="a">Embryonic and postnatal development of GABA, calbindin, calretinin, and parvalbumin in the mouse claustral complex</subfield>
   </datafield>
</record></metadata></record></GetRecord></OAI-PMH>